000 00574nam a2200193 a 4500
005 20240910064228.0
008 991125s1991 mx 000 0 spa u
020 _a968293723X
035 _aUPN01000025190
049 _aCG
050 4 _aGN44 M6
_bD4.3
100 1 _aDiguet, León,
_d1859-1926
245 1 0 _aFotografías del Nayar y de California 1893-1900 /
_cLeón Diguet.
260 _aMéxico :
_bCEMCA :
_bINI,
_c1991.
300 _a100 p. :
_bfots.
650 4 _aAntropología
_zMéxico
_94771
650 4 _aHuicholes
_xVida social y costumbres
_910022
905 _aLibro
999 _c25190
_d25190